00705nam a22002057a 450000500170000001000150001702000270003203500140005903700140007308200110008724501010009826000540019927000450025330000380029850000190033650500940035570000150044970000190046470000160048320180419113354.0 aENG-122523 a9788125063971c1350.00 aEN-106055 bDBAD/PUB. a409.54 aPeople's Linguistic Sudrvey of India /ced. by G.N.Devy; vol. ed. by Madan Meena [and] Suraj Rao aHyderabadbOrient Blackswan Private Limitedc2017 a3-6-752 Himayatnagar,bHyderabade500029 avol.xxv (236p.)bill. c24cm.(Hb) aIncludes index avol. twenty five, part two - The languages of Rajasthan; ed. by Madan Meena and Suraj Rao dDevy, G.N. dMeena, Madan  dRao, Suraj